[Event "Match"]
[Site "Alcobendas"]
[Date "1994.??.??"]
[Round "3"]
[White "Topalov, Veselin"]
[Black "Illescas Cordoba, Miguel"]
[Result "1-0"]
[WhiteElo "2645"]
[BlackElo "2590"]
[EventDate "1994.11.??"]

1.e4 c5 2.Cf3 Cc6 3.d4 cxd4 4.Cxd4 e6 5.Cc3 a6 6.g3 Cge7 7.Cb3 d6 8.a4 Fd7
9.Fg2 Cc8 10.O-O Fe7 11.De2 O-O 12.Fe3 Dc7 13.f4 Tb8 14.g4 Te8 15.g5 Cb4 
16.Df2 b5 17.axb5 axb5 18.f5 Cxc2 19.Dxc2 b4 20.g6 e5 21.Cc5 bxc3 22.Ca6 
Txb2 23.Cxc7 Txc2 24.Cxe8 Fxe8 25.f6 Txg2+ 26.Rxg2 Fxf6 27.Ta8 Fd7 28.Tc1 
1-0

[Event "Match"]
[Site "Alcobendas"]
[Date "1994.??.??"]
[Round "4"]
[White "Illescas Cordoba, Miguel"]
[Black "Topalov, Veselin"]
[Result "1/2-1/2"]
[WhiteElo "2590"]
[BlackElo "2645"]
[EventDate "1994.11.??"]

1.d4 Cf6 2.c4 e6 3.Cc3 c5 4.d5 exd5 5.cxd5 d6 6.e4 g6 7.f4 Fg7 8.Fb5+ Cbd7
9.e5 dxe5 10.fxe5 Ch5 11.e6 Dh4+ 12.g3 Cxg3 13.hxg3 Dxh1 14.Fe3 Fxc3+ 15.
bxc3 a6 16.Fxd7+ Fxd7 17.exd7+ Rxd7 18.Df3 Dxf3 19.Cxf3 The8 20.Rf2 Rd6 
21.c4 f6 22.Tb1 b5 23.Cd2 g5 24.Rf3 Tad8 25.Td1 h5 26.Ce4+ Txe4 27.Rxe4 
Te8+ 28.Rf3 bxc4 29.Fd2 Te5 30.Fc3 Tf5+ 31.Re4 Tf2 32.Re3 Tf5 33.Re4 Tf2 
34.Re3 Tf5 1/2-1/2

[Event "Match"]
[Site "Alcobendas"]
[Date "1994.??.??"]
[Round "5"]
[White "Topalov, Veselin"]
[Black "Illescas Cordoba, Miguel"]
[Result "1-0"]
[WhiteElo "2645"]
[BlackElo "2590"]
[EventDate "1994.11.??"]

1.e4 c5 2.Cf3 e6 3.d4 cxd4 4.Cxd4 Cc6 5.Cc3 a6 6.g3 d6 7.Fg2 Fd7 8.O-O Cf6
9.a4 Fe7 10.Fe3 O-O 11.f4 Tc8 12.Cb3 Ca5 13.Cxa5 Dxa5 14.Dd2 Tfe8 15.h3 h5
16.Rh2 Tc4 17.De2 Txc3 18.bxc3 Dxc3 19.Fd2 Dxc2 20.Tfc1 Db3 21.Tcb1 Dc2 
22.Txb7 e5 23.fxe5 dxe5 24.De3 Fxa4 25.Fc3 Fb5 26.Fxe5 Dc6 27.Tb8 De6 28.
Txe8+ Cxe8 29.Dd4 h4 30.Dd5 Dh6 31.Ff4 hxg3+ 32.Fxg3 Fg5 33.Ta3 Cf6 34.
Da8+ Rh7 35.e5 Cg4+ 36.Rh1 Ce3 37.De4+ g6 38.e6 Cxg2 39.Rxg2 fxe6 40.Tf3 
Dg7 41.h4 Fh6 42.h5 Fe8 43.Dxe6 Dg8 44.De4 Fg5 45.Fd6 Da2+ 46.Tf2 Dg8 47.
Ff8 Fd8 48.Db7+ Rh8 49.Fh6 gxh5+ 50.Rh1 Fg5 51.Fxg5 1-0

[Event "Match"]
[Site "Alcobendas"]
[Date "1994.??.??"]
[Round "6"]
[White "Illescas Cordoba, Miguel"]
[Black "Topalov, Veselin"]
[Result "1/2-1/2"]
[WhiteElo "2590"]
[BlackElo "2645"]
[EventDate "1994.11.??"]

1.d4 Cf6 2.c4 g6 3.g3 c5 4.Cf3 cxd4 5.Cxd4 Cc6 6.Fg2 Fg7 7.O-O O-O 8.Cc3 
Cg4 9.e3 d6 10.b3 a6 11.Fb2 Cxd4 12.exd4 Tb8 13.a4 Ch6 14.Cd5 Cf5 15.a5 b5
16.axb6 e6 17.Cb4 Txb6 18.Cc6 Dc7 19.Ca5 d5 20.Fa3 Td8 21.Fc5 Tb8 22.cxd5 
exd5 23.b4 Fd7 24.Te1 Fb5 25.Dd2 Dd7 26.Df4 Te8 27.h4 Fd3 28.Dd2 Fb5 29.
Df4 Fd3 30.Dd2 Fb5 1/2-1/2

[Event "12. Olympiad"]
[Site "Moscow RUS"]
[Date "1994.??.??"]
[Round "9"]
[White "Topalov, Veselin"]
[Black "Jussupow, Artur"]
[Result "1/2-1/2"]
[WhiteElo "2645"]
[BlackElo "2655"]
[EventDate "1994.11.??"]

1.e4 e5 2.Cf3 Cf6 3.Cxe5 d6 4.Cf3 Cxe4 5.d4 d5 6.Fd3 Cc6 7.O-O Fe7 8.c4 
Cf6 9.Cc3 O-O 10.Te1 Fe6 11.cxd5 Cxd5 12.a3 Ff6 13.Fe4 h6 14.h3 Dd7 15.Fc2
Ff5 16.Ce4 Tae8 17.Cxf6+ Cxf6 18.Txe8 Txe8 19.Fa4 Dd6 20.Fe3 Te7 21.Tc1 
Cd5 22.Fxc6 bxc6 23.Ce5 Cxe3 24.fxe3 Fe4 25.Dg4 1/2-1/2

[Event "?"]
[Site "Burgas BUL"]
[Date "1995.??.??"]
[Round "9"]
[White "Topalov, Veselin"]
[Black "Miladinovic, Igor"]
[Result "1-0"]
[WhiteElo "2640"]
[BlackElo "2555"]
[EventDate "1995.??.??"]

1.e4 c5 2.Cf3 Cc6 3.d4 cxd4 4.Cxd4 Dc7 5.Cc3 e6 6.Fe3 a6 7.Fd3 Cf6 8.O-O 
h5 9.h3 b5 10.Cxc6 Dxc6 11.a3 Fb7 12.Te1 Fe7 13.Fd4 e5 14.Fe3 b4 15.axb4 
Fxb4 16.Fd2 O-O 17.Df3 Tfe8 18.Tad1 Fxc3 19.Fxc3 De6 20.b3 Tac8 21.Fb2 h4 
22.De3 Ch5 23.Dg5 Cf4 24.Fc4 Txc4 25.bxc4 Fc6 26.c5 Cg6 27.De3 a5 28.Dc3 
a4 29.Td6 De7 30.Fc1 Ta8 31.f3 Rh7 32.Fe3 De8 33.Ta1 Tb8 34.Tdd1 De6 35.
Rh2 f6 36.Tdb1 Ta8 37.Tb4 Df7 38.De1 f5 39.exf5 Dxf5 40.Dc3 Te8 41.Tg4 Te6
42.Tb1 Te8 43.Tbb4 e4 44.f4 Df7 45.Fd4 Fd5 46.f5 Dxf5 47.Txa4 Fc6 48.Tb4 
e3 49.Fxe3 Dd5 50.Tg5 Te5 51.Tbg4 1-0

[Event "?"]
[Site "Polanica Zdroj POL"]
[Date "1995.??.??"]
[Round "?"]
[White "Markowski, Tomasz"]
[Black "Topalov, Veselin"]
[Result "1/2-1/2"]
[WhiteElo "2530"]
[BlackElo "2640"]
[EventDate "1995.??.??"]

1.c4 e5 2.g3 d6 3.Fg2 g6 4.Cc3 Fg7 5.d3 f5 6.e4 Cf6 7.Cge2 O-O 8.O-O c6 9.
exf5 gxf5 10.d4 Ca6 11.b3 Fd7 12.dxe5 dxe5 13.Dd6 De8 14.Fg5 h6 15.Fh4 Td8
16.Tad1 Fc8 17.Da3 Txd1 18.Txd1 f4 1/2-1/2

[Event "Rubinstein Memorial"]
[Site "Polanica Zdroj POL"]
[Date "1995.??.??"]
[Round "1"]
[White "Topalov, Veselin"]
[Black "De Firmian, Nick E"]
[Result "1-0"]
[WhiteElo "2640"]
[BlackElo "2605"]
[EventDate "1995.??.??"]

1.e4 c5 2.Cf3 d6 3.d4 cxd4 4.Cxd4 Cf6 5.Cc3 a6 6.Fe3 e5 7.Cb3 Fe6 8.f3 
Cbd7 9.g4 Fe7 10.Dd2 O-O 11.O-O-O b5 12.g5 b4 13.Ce2 Ch5 14.Cg3 Cf4 15.h4 
a5 16.Rb1 a4 17.Cd4 exd4 18.Fxf4 Da5 19.Cf5 Fxf5 20.exf5 Dxf5 21.Dxd4 b3 
22.Fd3 bxa2+ 23.Ra1 Dc5 24.De4 g6 25.Fe3 De5 26.Fd4 Dxe4 27.Fxe4 Ta5 28.
Fc3 Tc5 29.Fb4 Tc4 30.Fxd6 Fxd6 31.Txd6 Cc5 32.Tc6 Td8 33.h5 Rf8 34.hxg6 
hxg6 35.Rxa2 Re7 36.Fd3 Rd7 37.Fxc4 Rxc6 38.Fxf7 Tf8 39.Fxg6 Txf3 40.Tg1 
Rd6 41.Fh7 Tf7 42.Fg8 Tg7 43.Fc4 Re5 44.g6 1-0

[Event "Rubinstein Memorial"]
[Site "Polanica Zdroj POL"]
[Date "1995.??.??"]
[Round "2"]
[White "Ftacnik, Lubomir"]
[Black "Topalov, Veselin"]
[Result "0-1"]
[WhiteElo "2580"]
[BlackElo "2670"]
[EventDate "1995.??.??"]

1.c4 Cf6 2.Cf3 g6 3.Cc3 Fg7 4.d4 O-O 5.e4 d6 6.Fe2 e5 7.O-O Cc6 8.d5 Ce7 
9.Cd2 a5 10.a3 Fd7 11.b3 c6 12.Fb2 Fh6 13.Tb1 Cc8 14.dxc6 Fxc6 15.Fd3 Cb6 
16.b4 axb4 17.axb4 Ch5 18.g3 Fd7 19.De2 Tc8 20.Cb3 Ca4 21.Cxa4 Fxa4 22.Fc1
Fxc1 23.Tfxc1 Fxb3 24.Txb3 Cg7 25.c5 Ce6 26.Tbc3 dxc5 27.bxc5 Da5 28.Dc2 
Rg7 29.Rg2 Tc6 30.Db2 Dc7 31.Fc4 Cxc5 32.Fb5 Db6 33.T1c2 Tc7 34.Dc1 Tfc8 
35.Ff1 Ce6 36.Txc7 Txc7 37.Txc7 Dxc7 38.Db2 Cd4 39.Fd3 Dc6 40.f4 Df6 41.
Fc4 b5 42.Fxb5 exf4 43.gxf4 Cxb5 44.Dxb5 Dxf4 45.Db2+ Rh6 46.Db7 f6 47.Rg1
Df3 48.De7 Dg4+ 49.Rf2 Df4+ 50.Rg1 Dg5+ 51.Rh1 De5 52.Db7 Dg5 53.Dc8 De3 
54.Dc4 Df2 55.Dd3 Rg5 56.Dc4 h5 57.Dd3 Rh4 58.Dd1 De3 59.Rg2 Dxe4+ 0-1

[Event "Rubinstein Memorial"]
[Site "Polanica Zdroj POL"]
[Date "1995.??.??"]
[Round "3"]
[White "Topalov, Veselin"]
[Black "Smirin, Ilia"]
[Result "1-0"]
[WhiteElo "2640"]
[BlackElo "2630"]
[EventDate "1995.??.??"]

1.e4 c5 2.Cf3 Cc6 3.d4 cxd4 4.Cxd4 e6 5.Cc3 Dc7 6.Fe3 a6 7.Fd3 b5 8.O-O 
Fb7 9.De2 Cf6 10.Rh1 Fe7 11.f4 d6 12.a4 b4 13.Ca2 d5 14.e5 Ce4 15.c3 bxc3 
16.Cxc3 Cb4 17.Tac1 Cxd3 18.Dxd3 Db8 19.f5 Dxe5 20.fxe6 fxe6 21.Ccb5 Cc5 
22.De2 Tc8 23.Ca7 Tc7 24.b4 Cxa4 25.Cac6 De4 26.Tf4 Dg6 27.Tg4 Df7 28.Txg7
Dxg7 29.Cxe6 Db2 30.Cxc7+ Rd7 31.Dxb2 Cxb2 32.Ce5+ Rd6 33.Cf7+ Rd7 34.Ce5+
Rd6 35.Ff4 Tf8 36.Cc4+ Rd7 37.Cb6+ 1-0

[Event "Rubinstein Memorial"]
[Site "Polanica Zdroj POL"]
[Date "1995.??.??"]
[Round "4"]
[White "Sosonko, Gennadi"]
[Black "Topalov, Veselin"]
[Result "1/2-1/2"]
[WhiteElo "2525"]
[BlackElo "2670"]
[EventDate "1995.??.??"]

1.d4 Cf6 2.c4 c5 3.d5 b5 4.cxb5 a6 5.bxa6 g6 6.Cc3 Fxa6 7.e4 Fxf1 8.Rxf1 
d6 9.Cf3 Fg7 10.g3 O-O 11.Rg2 Cbd7 12.De2 Db6 13.Te1 Tfb8 14.e5 Cxe5 15.
Cxe5 dxe5 16.Dxe5 Tb7 17.De2 Ce8 18.Fd2 Cd6 19.b3 Da6 20.Tac1 Dxe2 21.Txe2
c4 1/2-1/2

[Event "Rubinstein Memorial"]
[Site "Polanica Zdroj POL"]
[Date "1995.??.??"]
[Round "5"]
[White "Topalov, Veselin"]
[Black "Wojtkiewicz, Aleksander"]
[Result "1-0"]
[WhiteElo "2670"]
[BlackElo "2570"]
[EventDate "1995.??.??"]

1.e4 c5 2.Cf3 d6 3.d4 cxd4 4.Cxd4 Cf6 5.Cc3 a6 6.Fe3 Cc6 7.f3 e6 8.g4 Fe7 
9.Dd2 O-O 10.O-O-O Cxd4 11.Fxd4 b5 12.Rb1 Fb7 13.h4 Tc8 14.g5 Cd7 15.a3 
Dc7 16.Tg1 Rh8 17.h5 e5 18.Fe3 f5 19.exf5 Txf5 20.Cd5 Fxd5 21.Dxd5 Dxc2+ 
22.Ra2 Tff8 23.Tc1 Da4 24.De6 Txc1 25.Fxc1 Dd4 26.Tg4 1-0

[Event "Rubinstein Memorial"]
[Site "Polanica Zdroj POL"]
[Date "1995.??.??"]
[Round "6"]
[White "Huebner, Robert Dr"]
[Black "Topalov, Veselin"]
[Result "1/2-1/2"]
[WhiteElo "2630"]
[BlackElo "2640"]
[EventDate "1995.??.??"]

1.d4 Cf6 2.c4 g6 3.g3 c5 4.Cf3 Fg7 5.Fg2 O-O 6.O-O cxd4 7.Cxd4 Cc6 8.Cc3 
Cg4 9.e3 d6 10.b3 a6 11.Fb2 Cxd4 12.exd4 Tb8 13.a4 Ch6 14.a5 Cf5 15.Cd5 b5
16.axb6 e6 17.Ce3 Ce7 18.Fa3 Dxb6 19.c5 dxc5 20.Fxc5 Dc7 21.Tc1 Td8 22.b4 
Dd7 23.De2 Fb7 24.Tfd1 Fxg2 25.Rxg2 Db7+ 26.Rg1 Cd5 27.Cxd5 Txd5 28.Ta1 
Ta8 29.Ta3 h5 30.h4 Rh7 31.Df3 Rg8 32.Tda1 Ff8 33.Ta5 Fxc5 34.bxc5 Db2 35.
T5a4 Tad8 36.Txa6 Dxd4 37.c6 Tf5 38.c7 Txf3 39.cxd8=D+ Dxd8 40.Ta8 Dxa8 
41.Txa8+ Rg7 42.Rg2 Tb3 43.f4 Tb7 44.Ta5 Rf6 45.Rf2 Td7 46.Re3 Td5 47.Ta7 
Tb5 48.Rf3 Tb3+ 49.Rf2 Tc3 50.Tb7 Tc5 51.Rf3 e5 52.fxe5+ Txe5 53.Ta7 Re6 
54.Ta6+ Rf5 55.Ta7 f6 56.Ta4 g5 57.hxg5 fxg5 1/2-1/2

[Event "Rubinstein Memorial"]
[Site "Polanica Zdroj POL"]
[Date "1995.??.??"]
[Round "7"]
[White "Topalov, Veselin"]
[Black "Tiviakov, Sergei"]
[Result "1/2-1/2"]
[WhiteElo "2670"]
[BlackElo "2655"]
[EventDate "1995.??.??"]

1.e4 c5 2.Cf3 Cc6 3.d4 cxd4 4.Cxd4 g6 5.Cc3 Fg7 6.Fe3 Cf6 7.Fc4 O-O 8.Fb3 
d6 9.f3 Fd7 10.Dd2 Tc8 11.O-O-O Ce5 12.Rb1 Cc4 13.Fxc4 Txc4 14.g4 b5 15.b3
Tc8 16.Cdxb5 Da5 17.a4 a6 18.Cd5 Dxd2 19.Cxe7+ Rh8 20.Txd2 Tce8 21.Cxg6+ 
fxg6 22.Cxd6 Te6 23.Cb7 Fc8 24.Cc5 Tc6 25.h3 g5 26.Thd1 Cg8 27.Tf2 Th6 28.
Th1 Thf6 29.Thf1 Th6 30.Th1 Thf6 31.Thf1 1/2-1/2

[Event "Rubinstein Memorial"]
[Site "Polanica Zdroj POL"]
[Date "1995.??.??"]
[Round "8"]
[White "Markowski, Tomasz"]
[Black "Topalov, Veselin"]
[Result "1/2-1/2"]
[WhiteElo "2530"]
[BlackElo "2640"]
[EventDate "1995.??.??"]

1.c4 g6 2.g3 Fg7 3.Fg2 e5 4.Cc3 d6 5.d3 f5 6.e4 Cf6 7.Cge2 O-O 8.O-O c6 9.
exf5 gxf5 10.d4 Ca6 11.b3 Fd7 12.dxe5 dxe5 13.Dd6 De8 14.Fg5 h6 15.Fh4 Td8
16.Tad1 Fc8 17.Da3 Txd1 18.Txd1 f4 19.Dd6 Cg4 20.Fe4 fxg3 21.Fxg3 Cf6 22.
Fg2 Ch5 23.Ce4 Ff5 24.Dd2 Dg6 25.De3 Cc7 26.Td6 Df7 27.Td2 Ce8 28.Cd6 Cxd6
29.Txd6 Fg4 30.h3 Fc8 31.Fh4 Cf4 32.Cxf4 exf4 33.Df3 Dc7 34.Td2 Ff5 35.Te2
Tf7 36.Td2 Rh7 37.Ff1 De5 38.Td1 De6 39.Fd3 Dg6+ 40.Rh2 Fxd3 41.Dxd3 c5 
42.Df3 Fd4 43.Tg1 Df5 44.Dg2 Tg7 45.Df3 Tf7 1/2-1/2

[Event "Rubinstein Memorial"]
[Site "Polanica Zdroj POL"]
[Date "1995.??.??"]
[Round "9"]
[White "Topalov, Veselin"]
[Black "Kaminski, Marcin"]
[Result "1-0"]
[WhiteElo "2640"]
[BlackElo "2495"]
[EventDate "1995.??.??"]

1.c4 g6 2.d4 Cf6 3.Cc3 Fg7 4.e4 d6 5.Cf3 O-O 6.Fe2 e5 7.Fe3 Cg4 8.Fg5 f6 
9.Fh4 Cc6 10.d5 Ce7 11.Cd2 f5 12.Fxg4 fxg4 13.Fg5 h6 14.Fe3 c5 15.Tb1 g5 
16.b4 b6 17.bxc5 bxc5 18.O-O Tf7 19.Tb3 Cg6 20.Db1 Ff8 21.Db2 Cf4 22.Tb1 
h5 23.Tb8 Txb8 24.Dxb8 h4 25.g3 h3 26.Rf1 Cd3 27.Tb3 Cb4 28.Re2 Cc2 29.Da8
Cd4+ 30.Fxd4 exd4 31.Cd1 De8 32.Tb8 Tc7 33.Cb2 Rh7 34.Cd3 Fg7 35.Tb1 De7 
36.Rf1 Fa6 37.Re2 Fc8 38.Rd1 Fd7 39.Tb8 Rg6 40.Rc1 Rf7 41.Tb3 Df8 42.Dxf8+
Fxf8 43.e5 Ff5 44.e6+ Re7 45.Rd1 Rd8 46.Re2 Rc8 47.f3 gxf3+ 48.Rxf3 Tb7 
49.Txb7 Rxb7 50.Ce4 Fe7 51.g4 Fg6 52.Cdf2 Rb6 53.Ch1 Rc7 54.Chg3 Fxe4+ 55.
Cxe4 Rd8 56.Cf2 Re8 57.Re4 Rf8 58.Cxh3 Rg7 59.Cf2 Rg6 60.Ch1 Rf6 61.Cg3 
Ff8 62.Cf5 Fe7 63.h4 1-0

[Event "Rubinstein Memorial"]
[Site "Polanica Zdroj POL"]
[Date "1995.??.??"]
[Round "10"]
[White "Ehlvest, Jaan"]
[Black "Topalov, Veselin"]
[Result "1/2-1/2"]
[WhiteElo "2630"]
[BlackElo "2670"]
[EventDate "1995.??.??"]

1.d4 Cf6 2.Cf3 e6 3.Fg5 h6 4.Fxf6 Dxf6 5.e4 d6 6.c3 Cd7 7.Cbd2 g6 8.Fd3 
Fg7 9.O-O O-O 10.Te1 b6 1/2-1/2

[Event "Rubinstein Memorial"]
[Site "Polanica Zdroj POL"]
[Date "1995.??.??"]
[Round "11"]
[White "Topalov, Veselin"]
[Black "Krasenkow, Michal"]
[Result "0-1"]
[WhiteElo "2640"]
[BlackElo "2590"]
[EventDate "1995.??.??"]

1.e4 c5 2.Cf3 Cc6 3.d4 cxd4 4.Cxd4 Cf6 5.Cc3 e5 6.Cdb5 d6 7.Fg5 a6 8.Ca3 
b5 9.Fxf6 gxf6 10.Cd5 f5 11.c3 Fg7 12.exf5 Fxf5 13.Cc2 Fe6 14.g3 O-O 15.
Fg2 a5 16.O-O f5 17.Dh5 b4 18.Cce3 bxc3 19.bxc3 Rh8 20.Tad1 Tb8 21.Fh3 Dd7
22.f4 e4 23.Rh1 Tb2 24.Cc4 Txa2 25.Cde3 Ff7 26.Dg5 Fxc4 27.Cxc4 d5 28.Ce5 
De6 29.g4 Fxe5 30.fxe5 Dxe5 31.Fg2 f4 0-1

[Event "It"]
[Site "Linares ESP"]
[Date "1995.??.??"]
[Round "1"]
[White "Topalov, Veselin"]
[Black "Akopian, Vladimir"]
[Result "1-0"]
[WhiteElo "2630"]
[BlackElo "2655"]
[EventDate "1995.03.??"]

1.e4 e5 2.Cf3 Cf6 3.Cxe5 d6 4.Cf3 Cxe4 5.d4 d5 6.Fd3 Fe7 7.O-O Cc6 8.c4 
Cb4 9.Fe2 Fe6 10.Cc3 O-O 11.Fe3 Ff5 12.Tc1 dxc4 13.Fxc4 c6 14.Ce5 Cxc3 15.
bxc3 Cd5 16.Df3 Fe6 17.Fd2 Fg5 18.Fxg5 Dxg5 19.Tfe1 Tae8 20.g3 Df5 21.Dd1 
Cb6 22.Fd3 Df6 23.Dc2 g6 24.Tb1 Fc8 25.Te2 Te7 26.Tbe1 Tfe8 27.Db3 Fe6 28.
Da3 Cc8 29.Te3 Dg7 30.Db4 Df8 31.a4 Tc7 32.Db2 Cd6 33.c4 Td8 34.h4 Cf5 35.
Te4 Cg7 36.Tf4 Ch5 37.Tf3 Dd6 38.g4 Fxg4 39.Cxg4 Dxd4 40.Ch6+ Rg7 41.Dc1 
f6 42.Te4 Dc5 43.Cg4 Tf7 44.Tfe3 Tfd7 45.Fe2 Tf8 46.Dc3 Df5 47.Ch2 Dc5 48.
Fg4 Tdd8 49.Cf3 Rh8 50.Fxh5 Dxh5 51.Tf4 Rg8 52.Rh2 Td6 53.c5 Dh6 54.Rg3 
1-0

[Event "It"]
[Site "Linares ESP"]
[Date "1995.??.??"]
[Round "2"]
[White "Short, Nigel D"]
[Black "Topalov, Veselin"]
[Result "0-1"]
[WhiteElo "2655"]
[BlackElo "2630"]
[EventDate "1995.03.??"]

1.e4 c5 2.Cf3 d6 3.d4 cxd4 4.Cxd4 Cf6 5.Cc3 g6 6.Fe3 Fg7 7.f3 Cc6 8.Dd2 
O-O 9.Fc4 Fd7 10.O-O-O Ce5 11.Fb3 Tc8 12.g4 b5 13.g5 Ch5 14.Ccxb5 Cc4 15.
Fxc4 Txc4 16.Dd3 Tb4 17.Cc3 Db8 18.Cb3 Fe6 19.Da6 Fxc3 20.bxc3 Tb7 21.Td4 
Tc8 22.Rd2 Dc7 23.Dd3 d5 24.Rc1 dxe4 25.fxe4 Fc4 26.Dd2 e5 27.Td6 Cf4 28.
Fxf4 exf4 29.Td1 f3 30.Df4 De7 31.h4 Fe2 32.T1d5 Tbc7 33.Cd4 Fc4 34.Dxf3 
Fxd5 35.Txd5 Txc3 36.Df6 Dc7 37.Df2 Dc4 38.Rb2 Db4+ 39.Ra1 Th3 40.Df1 Te3 
0-1

[Event "It"]
[Site "Linares ESP"]
[Date "1995.??.??"]
[Round "3"]
[White "Topalov, Veselin"]
[Black "Sokolov, Ivan"]
[Result "1-0"]
[WhiteElo "2630"]
[BlackElo "2645"]
[EventDate "1995.03.??"]

1.e4 e5 2.Cf3 Cc6 3.Fb5 a6 4.Fa4 Cf6 5.O-O Fe7 6.Te1 b5 7.Fb3 O-O 8.a4 b4 
9.c3 d5 10.exd5 Cxd5 11.Cxe5 Cxe5 12.Txe5 c6 13.d4 Fd6 14.Te1 Dh4 15.g3 
Dh3 16.Fe3 Fg4 17.Dd3 bxc3 18.Cxc3 Tfb8 19.Fd1 Txb2 20.Fxg4 Dxg4 21.Cxd5 
cxd5 22.Teb1 Txb1+ 23.Txb1 a5 24.Tb5 Df3 25.Db3 Fb4 26.Dxd5 Dd1+ 27.Rg2 
Tf8 28.Dc4 h6 29.d5 Dxa4 30.d6 Da1 31.d7 Df6 32.Fb6 Fe7 33.Fxa5 Da6 34.Dd5
Rh7 35.De4+ g6 36.Te5 Fd6 37.Td5 Da8 38.f3 1-0

[Event "It"]
[Site "Linares ESP"]
[Date "1995.??.??"]
[Round "4"]
[White "Khalifman, Alexander"]
[Black "Topalov, Veselin"]
[Result "1/2-1/2"]
[WhiteElo "2635"]
[BlackElo "2630"]
[EventDate "1995.03.??"]

1.d4 Cf6 2.Cf3 g6 3.c4 Fg7 4.Cc3 O-O 5.e4 d6 6.Fe2 e5 7.Fe3 exd4 8.Cxd4 
Te8 9.f3 Cc6 10.Dd2 Ch5 11.Fg5 f6 12.Cxc6 bxc6 13.Fh6 Fxh6 14.Dxh6 Tb8 15.
O-O-O De7 16.g4 Cg7 17.f4 Ce6 18.f5 Df8 19.De3 Cc5 20.Thf1 gxf5 21.gxf5 
Rh8 22.Tf3 Fd7 23.Df4 De7 24.Tg1 Cxe4 25.Te3 d5 26.Cxe4 dxe4 27.Tg4 Db4 
28.Tb3 De1+ 29.Fd1 e3 30.Td3 Db4 31.Dd4 Te5 32.Tb3 Dd2+ 33.Dxd2 exd2+ 34.
Rxd2 Txb3 35.axb3 Fxf5 36.Td4 Rg7 37.Ff3 c5 38.Td8 Rh6 39.Tf8 Rg5 40.Tf7 
h5 41.Tg7+ Rh4 42.Tf7 Fg4 43.Fxg4 Rxg4 44.Txf6 Rh3 45.Ta6 Rxh2 46.Txa7 h4 
47.Txc7 Tg5 48.Rc2 Tg2+ 49.Rd3 Tg3+ 50.Re4 Txb3 51.Txc5 Txb2 52.Th5 h3 53.
c5 Rg3 54.Rd5 h2 55.Th8 1/2-1/2

[Event "It"]
[Site "Linares ESP"]
[Date "1995.??.??"]
[Round "5"]
[White "Topalov, Veselin"]
[Black "Lautier, Joel"]
[Result "1/2-1/2"]
[WhiteElo "2630"]
[BlackElo "2655"]
[EventDate "1995.03.??"]

1.e4 e5 2.Cf3 Cc6 3.Fb5 a6 4.Fa4 d6 5.c3 f5 6.exf5 Fxf5 7.O-O Fd3 8.Te1 
Fe7 9.c4 Tb8 10.Db3 e4 11.Cg5 Cf6 12.Cc3 O-O 13.Ccxe4 Cxe4 14.Cxe4 Ce5 15.
Te3 b5 16.cxb5+ d5 17.Txd3 Cxd3 18.Dxd3 dxe4 19.Dxe4 Ff6 20.bxa6 Fd4 21.d3
Txf2 22.Fe3 Tbxb2 23.Fb3+ Rh8 24.Te1 Txg2+ 25.Dxg2 Txg2+ 26.Rxg2 Da8+ 27.
Rf2 Fc3 28.a7 Fxe1+ 29.Rxe1 Dh1+ 30.Rd2 Dxh2+ 31.Rc3 Dg2 32.Rd4 Da8 33.Re5
De8+ 34.Rf4 c6 35.Fc5 h5 36.Fd6 Dd8 37.Fb8 Dd4+ 38.Rf5 Dxd3+ 39.Re6 Da6 
40.Rd7 g5 41.Rc7 g4 42.Fc4 Da4 43.Fb3 Da6 44.Fc4 Da4 1/2-1/2

[Event "It"]
[Site "Linares ESP"]
[Date "1995.??.??"]
[Round "7"]
[White "Topalov, Veselin"]
[Black "Illescas Cordoba, Miguel"]
[Result "1-0"]
[WhiteElo "2630"]
[BlackElo "2595"]
[EventDate "1995.03.??"]

1.e4 c5 2.Cf3 Cc6 3.d4 cxd4 4.Cxd4 Cf6 5.Cc3 e5 6.Cdb5 d6 7.Fg5 a6 8.Ca3 
b5 9.Fxf6 gxf6 10.Cd5 Fg7 11.c3 f5 12.exf5 Fxf5 13.Cc2 O-O 14.Cce3 Fe6 15.
Fd3 f5 16.Fc2 Fh6 17.O-O Ta7 18.f4 Dh4 19.g3 Tg7 20.Cc7 exf4 21.Cg2 Dh3 
22.Txf4 Fxf4 23.Cxf4 Txg3+ 24.Rh1 Dh6 25.Dxd6 1-0

[Event "It"]
[Site "Linares ESP"]
[Date "1995.??.??"]
[Round "8"]
[White "Topalov, Veselin"]
[Black "Beliavsky, Alexander G"]
[Result "1-0"]
[WhiteElo "2630"]
[BlackElo "2650"]
[EventDate "1995.03.??"]

1.e4 d6 2.d4 Cf6 3.Cc3 g6 4.Fe3 c6 5.f3 Cbd7 6.g4 b5 7.h4 Fb7 8.h5 Tg8 9.
Dd2 Dc7 10.Ch3 a6 11.O-O-O e6 12.hxg6 hxg6 13.Cg5 Fe7 14.Rb1 Tf8 15.Ch7 
Cxh7 16.Txh7 Cf6 17.Th2 O-O-O 18.g5 Cd7 19.Th7 Cb6 20.Df2 c5 21.b3 cxd4 
22.Fxd4 Cd7 23.De3 Rb8 24.a4 b4 25.Ca2 Tc8 26.Td2 Da5 27.Fg7 Tfe8 28.Fh6 
Ce5 29.Fe2 Th8 30.Txh8 Txh8 31.Dd4 Tc8 32.Dxb4 Dxb4 33.Cxb4 d5 34.Fg7 Fxb4
35.Fxe5+ Ra8 36.Td1 dxe4 37.fxe4 Fxe4 38.Fd3 Fxd3 39.Txd3 Fe7 40.Td7 Fxg5 
41.Txf7 Tc5 42.Fb2 Fh4 43.Tf8+ Rb7 44.Te8 Tc6 45.c4 Fg3 46.Rc2 Ff4 47.Ff6 
g5 48.Te7+ Rc8 49.Tg7 Tc5 50.Rd3 a5 51.Fe7 Tf5 52.c5 Rd7 53.Fxg5+ Rc6 54.
Fxf4 Txf4 55.Ta7 Tf3+ 56.Rc4 Tf4+ 57.Rc3 Tf3+ 58.Rb2 Rxc5 59.Txa5+ Rd4 60.
Ta8 e5 61.a5 Tf6 62.Te8 e4 63.b4 e3 64.Rb3 Tf1 65.Td8+ Re4 66.a6 Ta1 67.b5
e2 68.Te8+ Rd3 69.Rb4 Rd2 70.Rc5 e1=D 71.Txe1 Rxe1 72.Rb6 Rd2 73.Ra7 1-0

[Event "It"]
[Site "Linares ESP"]
[Date "1995.??.??"]
[Round "9"]
[White "Ljubojevic, Ljubomir"]
[Black "Topalov, Veselin"]
[Result "1/2-1/2"]
[WhiteElo "2580"]
[BlackElo "2630"]
[EventDate "1995.03.??"]

1.d4 Cf6 2.c4 c5 3.d5 b5 4.cxb5 a6 5.bxa6 g6 6.Cc3 Fxa6 7.Cf3 d6 8.e4 Fxf1
9.Rxf1 Fg7 10.g3 Cbd7 11.Rg2 O-O 12.Te1 Ta6 13.h3 Da8 14.Fg5 h6 15.Fd2 e6 
16.dxe6 fxe6 17.Dc2 d5 18.a4 g5 19.Ta3 Tb6 20.Fc1 Tf7 21.Cd2 Tb4 22.Tb3 
Txb3 23.Dxb3 c4 24.Cxc4 dxc4 25.Dxc4 Ce5 26.Dxe6 Cd3 27.Tf1 Cc5 28.Dc4 
Ccxe4 29.Cxe4 Cxe4 30.f3 Cd6 31.De6 Cf5 32.De4 Dc8 33.Te1 Tc7 34.Fd2 Tc2 
35.Te2 Txb2 36.Fe1 Txe2+ 37.Dxe2 Cd4 38.Dd3 De6 39.Fd2 Da2 40.a5 Cc6 41.h4
gxh4 42.gxh4 Ce5 43.Dd8+ Rh7 44.f4 Ff6 45.Dd4 Dg8+ 46.Rf1 Dc4+ 47.Dxc4 
Cxc4 1/2-1/2

[Event "It"]
[Site "Linares ESP"]
[Date "1995.??.??"]
[Round "12"]
[White "Topalov, Veselin"]
[Black "Dreev, Alexey"]
[Result "1-0"]
[WhiteElo "2630"]
[BlackElo "2650"]
[EventDate "1995.03.??"]

1.e4 e6 2.d4 d5 3.Cc3 Cf6 4.Fg5 dxe4 5.Cxe4 Fe7 6.Fxf6 Fxf6 7.Cf3 O-O 8.
Dd2 Cd7 9.O-O-O Fe7 10.Fd3 b6 11.h4 Fb7 12.c3 Cf6 13.Ceg5 Fxf3 14.gxf3 Rh8
15.Rb1 Dd6 16.Tdg1 h6 17.Ce4 Cxe4 18.fxe4 e5 19.f4 exd4 20.Dg2 Tg8 21.e5 
De6 22.De4 f5 23.De2 dxc3 24.Fc4 Dc6 25.Fxg8 Txg8 26.Th3 cxb2 27.Td1 Da4 
28.Tf3 Fxh4 29.Dc2 Dxc2+ 30.Rxc2 Te8 31.Td7 Te7 32.Td1 Te6 33.Rxb2 Rg8 34.
Rb3 Rf7 35.a4 Fe7 36.Td7 Tc6 37.Tc3 Txc3+ 38.Rxc3 g5 39.Txc7 gxf4 40.Txa7 
h5 41.Tb7 f3 42.Rd3 h4 43.Txb6 h3 44.a5 Fd8 45.Tb7+ Rg8 46.a6 h2 47.Tb1 
Fb6 48.Th1 1-0

[Event "It"]
[Site "Linares ESP"]
[Date "1995.??.??"]
[Round "13"]
[White "Tiviakov, Sergei"]
[Black "Topalov, Veselin"]
[Result "1/2-1/2"]
[WhiteElo "2625"]
[BlackElo "2630"]
[EventDate "1995.03.??"]

1.e4 c5 2.Cf3 d6 3.d4 cxd4 4.Cxd4 Cf6 5.Cc3 a6 6.f4 Cbd7 7.a4 g6 8.Fd3 Fg7
9.Cf3 O-O 10.O-O Cc5 11.De1 b6 12.Fd2 Fb7 13.b4 Cxd3 14.cxd3 Tc8 15.Tc1 e6
16.Rh1 Cd7 17.f5 Ce5 18.Cxe5 Fxe5 19.Fh6 Te8 20.fxg6 hxg6 21.Df2 f5 22.d4 
Fg7 23.Fxg7 Rxg7 24.d5 Tc4 25.dxe6 Fxe4 26.Cxe4 Txe4 27.Tc6 T8xe6 28.Txb6 
Df6 29.Txa6 Txb4 30.a5 Dd4 31.h3 Dxf2 32.Txf2 Ta4 33.Td2 Ta1+ 34.Rh2 Rh6 
35.Tdxd6 1/2-1/2

[Event "Euwe Memorial"]
[Site "Amsterdam NED"]
[Date "1995.??.??"]
[Round "1"]
[White "Topalov, Veselin"]
[Black "Piket, Jeroen"]
[Result "1-0"]
[WhiteElo "2630"]
[BlackElo "2670"]
[EventDate "1995.05.??"]

1.e4 e5 2.Cf3 Cc6 3.Fb5 a6 4.Fa4 Cf6 5.O-O Fe7 6.Te1 b5 7.Fb3 d6 8.c3 O-O 
9.h3 Fb7 10.d4 Te8 11.Cbd2 h6 12.Fc2 Ff8 13.d5 Ce7 14.c4 c6 15.b3 cxd5 16.
cxd5 Tc8 17.Cf1 Ch5 18.a4 Dc7 19.Fd3 f5 20.axb5 fxe4 21.Txe4 Dc3 22.Fa3 
Cf6 23.Fxd6 Cxe4 24.Fxe4 axb5 25.Ta7 Tcd8 26.Txb7 Txd6 27.Txb5 Cc6 28.De2 
Cd4 29.Cxd4 Dxd4 30.Cg3 Tf6 31.Cf5 Da7 32.b4 Tc8 33.d6 g6 34.Fd5+ Rh8 35.
Dxe5 Fg7 36.Cxg7 Dxg7 37.d7 Tc1+ 38.Rh2 Tf8 39.f4 Td1 40.Tb8 1-0